Návrh renovácie bodky zdrže : Diplomová práca

Gespeichert in:
Bibliographische Detailangaben
1. Verfasser: Kotlan, Marek (Verfasst von)
Weitere Verfasser: Hudák, Július (xxx)
Format: Manuskript Buch
Sprache:Slowakisch
Veröffentlicht: Trnava : STU v Bratislave MtF KZv, 2004
Schlagworte:
Tags: Tag hinzufügen
Keine Tags, Fügen Sie das erste Tag hinzu!

MARC

LEADER 00000ntm a22000003a 4500
001 stu89006
005 20160719154655.3
008 040716s2004----xo------------------slo-d
040 |a STU  |b slo 
041 0 |a slo 
044 |a xo 
100 1 |a Kotlan, Marek  |4 aut 
245 1 |a Návrh renovácie bodky zdrže :  |b Diplomová práca 
260 |a Trnava :  |b STU v Bratislave MtF KZv,  |c 2004 
300 |a 67 s  |c CD 
650 7 |a technológie strojárskej výroby  |2 stusub 
650 7 |a zváranie  |2 stusub 
700 1 |a Hudák, Július  |4 xxx  |u M140  |T MTF Katedra zvárania  |U M140  |Y M140 
996 |b 284M059847  |c M*DP-5109  |l MMSKP  |s P  |a 0  |w stu89006_0001